000 00736nam a2200157Ia 4500
005 20250723104353.0
008 250723s9999 xx 000 0 und d
020 _a9781439154267
082 _a947
_bNAG
100 _aNagorski, Andrew
245 0 _aBirth of Freedom
260 _bSimon & Schuster
_c2008
500 _aFrom Simon & Schuster, The Birth of Freedom, author Andrew Nagorski provides an unprecedented personal look at the individuals and issues in the newly free nations of Eastern Europe. Andrew Nagorski takes readers into the hearts of Poland, Hungary, the Czech Republic, and Slovakia as they undergo the painful yet exhilarating transformation into modern democratic states.
650 _aHistory
942 _cENGLISH
999 _c576924
_d576924